000 00694nam a2200229Ia 4500
001 1956
003 GE_BSU
008 181216s||||||||xx |||||||||||||| ||und||
020 _a5238009488
040 _cGE_BSU
080 _a34(1-87)(075.8)+321(1-87)(075.8)
100 _aМухаев,Р.Т.
245 _aИстория государства и права зарубежных стран
245 _bУчубник для студ. вузов.
260 _aМосква
260 _bЮнити
260 _c2005
300 _a863 стр. 21 см.
541 _h25л.
653 _aИстория государства и права зарубежных стран
942 _cBK
999 _c36056
_d36056